| 000 | 00580nam a2200181 i 4500 | ||
|---|---|---|---|
| 001 | 40941 | ||
| 003 | ES-MaACL | ||
| 005 | 20251011063101.0 | ||
| 007 | t| | ||
| 008 | 030307s1895 sp ||||1| cat d | ||
| 080 | _a946.711 La Roca del Vallès | ||
| 100 | 1 |
_aCarreras i Candi, Francesc, _d1862-1937 _935674 |
|
| 245 | 1 | 3 |
_aLo Castell de la Roca del Vallés _b: estudi historich... / _cFrancesc Carreras i Candi. |
| 260 |
_aBarcelona : _b[s.n., _c1895] |
||
| 651 | 4 |
_aLa Roca del Vallès- _xHistoria. _9150528 |
|
| 852 |
_aES-MaACL _jT-1001-F-6 |
||
| 999 |
_c40941 _d40941 |
||